01233cam a22003014a 450000100090000000300040000900500170001300800410003001000170007102000320008804000180012005000260013808200190016410000220018324500750020525000120028026000360029230000590032850400660038765000460045370000290049985600830052890600450061194200120065699900150066895201240068395201240080715451330OSt20180117085939.0080916s2009 njua b 001 0 eng  a 2008040280 a9780470189153 (paper/cdrom) aDLCcDLCdDLC00aBF432.5.W42bF58 200900a155.4/13932221 aFlanagan, Dawn P.10aEssentials of WISC-IV assessment /cDawn P. Flanagan, Alan S. Kaufman. a2nd ed. aHoboken, N.J. :bWiley,cc2009. axvi, 550 p. :bill. ;c22 cm. +e1 CD-rom (4 3/4 in.). aIncludes bibliographical references (p. 516-533) and indexes. 0aWechsler Intelligence Scale for Children.1 aKaufman, Alan S.,d1944-413Table of contents onlyuhttp://www.loc.gov/catdir/toc/ecip0828/2008040280.html a7bcbccorignewd1eecipf20gy-gencatlg 2ddccBK c2374d2374 00102ddc40708NFICaCLbCLcGENd2015-06-24l1m1o155.4/1393 FLApS3H-S-249r2018-03-22s2018-01-08w2015-06-24yBK 00102ddc40708NFICaCLbCLcGENd2015-06-24l1m2o155.4/1393 FLApS3H-S-248r2025-02-20s2018-02-09w2015-06-24yBK